Hamlet principe de Dinamarca : (Registro nro. 9201)
[ vista simple ]
| 000 -LIDER | |
|---|---|
| fixed length control field | 00783nam a2200241 4500 |
| 003 - IDENTIFICACDOR DE NÚMERO DE CONTROL | |
| control field | DO-SdBNP |
| 005 - DATE AND TIME OF LATEST TRANSACTION | |
| control field | 20180126092038.0 |
| 008 - ELEMENTOS DE LONGITUD FIJA | |
| fixed length control field | 160311b 1989 ec xu||||| |||| 00| 0 spa d |
| 010 ## - NUMERO DE CONTROL DE BIBLIOTECA DEL CONGRESO | |
| LC control number | 10 |
| 020 ## - ISBN | |
| International Standard Book Number | 9978800514 |
| 040 ## - FUENTE DE CATALOGACIÓN | |
| Agencia que crea de manera original el registro | BPMSU |
| Idioma de catalogación | spa |
| Agencia que realiza la transcripción | BPMSU |
| 100 1# - ASIENTO PRINCIPAL -- NOMBRE PERSONAL | |
| Nombre personal | Shakespeare, William, |
| Fechas asociadas con el nombre | 1564-1616. |
| 245 10 - MENCIÓN DE TITULO | |
| Título | Hamlet principe de Dinamarca : |
| Subtítulo | la tragedia de Romeo y Julieta / |
| Mención de responsabilidad | William Shakespeare ; estudio introductorio y notas de Juan Manuel Rodriguez. |
| 246 10 - VARIACION DEL TÍTULO | |
| Título propiamente dicho o título corto | La tragedia de Romeo y Julieta. |
| 260 ## - PUBLICACIÓN, DISTRIBUCIÓN, ETC. (PIE DE IMPRENTA) | |
| Lugar de publicación, distribución, etc | Quito : |
| Nombre del editor, distribuidor, etc. | Libresa, |
| Fecha de publicación, distribución, etc | 1989. |
| 300 ## - DESCRIPCIÓN FÍSICA | |
| Extensión | 250 p. ; |
| Dimensiones | 21 cm. |
| 490 1# - MENCIÓN DE SERIES | |
| Mención de serie | Antares |
| Volume/sequential designation | : 14 |
| 700 12 - ASIENTO SECUNDARIO -- NOMBRE PERSONAL | |
| Nombre personal | Rodriguez, Juan Manuel, |
| Mención de responsabilidad | introd. |
| 830 #0 - ASIENTO SECUNDARIO DE SERIE--TÍTULO UNIFORME | |
| Título uniforme | Antares |
| Número de la parte o sección de una obra | 19 |
| 942 ## - ADDED ENTRY ELEMENTS (KOHA) | |
| Source of classification or shelving scheme | Dewey Decimal Classification |
| Koha item type | Libros |
| 945 ## - INFORMACIÓN DE PROCESAMIENTO LOCAL | |
| Información de procesamiento local | Inventariado, 2018/MFF |
| 956 ## - LOCAL ELECTRONIC LOCATION AND ACCESS (OCLC) | |
| Método de acceso | LOPEREZ |
| Materiales especificados | 10 |
| Enlace | BPMSU |
| Withdrawn status | Lost status | Source of classification or shelving scheme | Damaged status | Not for loan | Collection code | Home library | Current library | Date acquired | Source of acquisition | Total Checkouts | Barcode | Date last seen | Price effective from | Koha item type |
|---|---|---|---|---|---|---|---|---|---|---|---|---|---|---|
| Dewey Decimal Classification | Biblioteca Pública Metropolitana Salomé Ureña | Biblioteca Pública Metropolitana Salomé Ureña | 03/11/2016 | Donación | BPMSU16030081 | 03/11/2016 | 03/11/2016 | Libros |